| 000 | 00553nam a22002177a 4500 | ||
|---|---|---|---|
| 005 | 20240116095822.0 | ||
| 008 | 240115b |||||||| |||| 00| 0 eng d | ||
| 020 |
_a9789354534478 _cRs. 525.00 |
||
| 040 | _aMAIN | ||
| 082 |
_a657.48 _bM278F |
||
| 100 | _aMaheshwari, S N | ||
| 245 | _aFinancial accounting | ||
| 260 |
_aNoida _bVikas Publishing _c2022 |
||
| 300 | _a510 | ||
| 500 | _aSemester II | ||
| 650 | _aAccounting | ||
| 650 | _aFinancial Accounting | ||
| 700 | _aMaheshwari, Suneel K | ||
| 700 | _aMaheshwari, Sharad K | ||
| 942 | _cBK | ||
| 999 |
_c313523 _d313523 |
||